Career Path - France Edition - Statistics

General Stats
  • This quiz has been taken 18 times
  • The average score is 13 of 20
Answer Stats
Hint Answer % Correct
2000–2002 Boulogne 2002–2003 Alès 2003–2004 Brest 2004–2005 Metz 2005 Galatasaray 2005–2007 Marseille 2007–2019 Bayern Munich 2019–2021 Fiorentina 2021–2022 Salernitana Franck Ribéry
100%
2017–2018 Bordeaux II 2018–2020 Bordeaux 2020–2022 Monaco 2022– Real Madrid Aurélien Tchouaméni
86%
1989–1992 Cannes1992–1996 Bordeaux 1996–2001 Juventus 2001–2006 Real Madrid Zinedine Zidane
86%
2012–2013 Lyon B2013 Lyon 2013 Monaco B 2013–2015 Monaco 2015–2024 Manchester United 2022 → Sevilla (loan) 2024–2025 AEK Athens 2025– Monterrey Anthony Martial
71%
2004–2007 Troyes 2007–2011 Saint-Étienne 2011–2017 Paris Saint-Germain 2017–2020 Juventus 2020–2021 Inter Miami Blaise Matuidi
71%
2021–2023 Rennes II 2022–2024 Rennes 2024– Paris Saint-Germain Désiré Doué
71%
1998–1999 Marsala 1999–2000 Monza 2000–2002 Nice 2002–2006 Monaco 2006–2014 Manchester United 2014–2017 Juventus 2017 Marseille 2018 West Ham United Patrice Evra
71%
2016–2020 Nantes B2018–2022 Nantes
2019–2020 → Boulogne (loan) 2022–2023 Eintracht Frankfurt 2023– Paris Saint-Germain 2025 → Juventus (loan) 2025– → Tottenham Hotspur (loan)
Randal Kolo Muani
71%
2015–2017 Atlético Madrid B 2016–2017 → Alavés (loan) 2017–2019 Real Madrid 2018–2019 → Real Sociedad (loan) 2019–2025 AC Milan 2025– Al Hilal Théo Hernandez
71%
2010–2012 Lyon II 2012–2016 Lyon 2016–2023 Barcelona 2022–2023 → Lecce (loan) 2023–2025 Lille Samuel Umtiti
64%
2015–2016 Paris Saint-Germain B2015–2019 Paris Saint-Germain 2019–2023 RB Leipzig 2023–2025 Chelsea 2025– AC Milan Christopher Nkunku
57%
2012–2014 Lyon II 2013–2017 Lyon 2017–2022 Bayern Munich 2022– Lyon Corentin Tolisso
57%
2015–2016 Châteauroux B 2015–2016 Châteauroux 2016–2017 Lyon B 2016–2018 Lyon 2017–2018 → Le Havre (loan) 2018–2022 Mainz 05 2021–2022 → Crystal Palace (loan) 2022– Crystal Palace Jean-Philippe Mateta
57%
2013–2016 Paris Saint-Germain B 2014–2025 Paris Saint-Germain 2025– Qatar SC Presnel Kimpembe
57%
1985–1989 Nantes 1989–1994 Marseille 1990–1991 → Bordeaux (loan) 1994–1999 Juventus 1999–2000 Chelsea 2000–2001 Valencia Didier Deschamps
50%
2011–2013 Saint-Étienne B 2011–2014 Saint-Étienne 2014–2021 Chelsea 2014 → Saint-Étienne (loan) 2017–2018 → Stoke City (loan) 2018–2019 → Everton (loan) 2021–2025 West Ham United 2024–2025 → Al-Orobah (loan) 2025– CFR Cluj Kurt Zouma
50%
2018 Saint-Étienne B 2018–2019 Saint-Étienne 2019– Arsenal 2019–2020 → Saint-Étienne (loan) 2021 → Nice (loan) 2021–2022 → Marseille (loan) William Saliba
50%
2007–2013 Toulouse2013–2016 Newcastle United 2016–2021 Tottenham Hotspur 2021–2022 Watford 2022–2024 Nantes 2024– Watford Moussa Sissoko
43%
2014–2016 Laval B 2014–2017 Laval 2017–2018 Montpellier 2018–2022 RB Leipzig 2022–2025 Paris Saint-Germain 2024–2025 → Bayer Leverkusen (loan) 2025– Sunderland Nordi Mukiele
43%
2011–2015 Nantes 2015–2017 Aston Villa 2016–2017 → Saint-Étienne (loan) 2017–2020 Fiorentina 2019–2020 → Roma (loan) 2020–2022 Roma 2022–2024 Marseille 2024–2025 Lyon 2025– Al-Arabi Jordan Veretout
29%
No matching quizzes found
Score Distribution
Percent of People with Each Score
Percentile by Number Answered
Your Score History
You have not taken this quiz